| 000 | 00373nam a2200109Ia 4500 | ||
|---|---|---|---|
| 008 | 220620s9999||||xx |||||||||||||| ||und|| | ||
| 100 | _aBoffo, Vanna||Fedeli, Monica | ||
| 245 | 0 | _aChapter Innovation and Knowledge Transfer of the Research. Final Remarks | |
| 546 | _aEnglish[eng] | ||
| 856 | _uhttps://library.oapen.org/bitstream/20.500.12657/55932/1/13853.pdf | ||
| 942 | _cEB | ||
| 999 |
_c27399 _d27399 |
||